00325 a2200145 450000100060000002000150000604000240002110000230004524000270006824500220009530000070011736200090012444000150013365000310014869813 a8516035719 cAnchieta - Itaigara aMachado, Ana Maria10aDe olho nas penaslpor10aDe olho nas penas a640 a2003 1aSalamandra 4aLiteratura infanto-juvenil